banner-ar

كل ما تحتاج الى معرفته عن التسويق / (Record no. 62023)

MARC details
000 -الفاتح
حقل البيانات ثابتة الطول 00899nam a22002297a 4500
005 - وقت وتاريخ اخر تعامل مع التسجيلة
رقم الضبط 20240530110527.0
008 - عناصر البيانات ثابتة الطول - معلومات عامة
حقل البيانات ثابتة الطول 160308s2013 ua g 000 0 ara d
017 ## - رقم الايداع القانونى
رقم الايداع القانونى 8753
المصدر ( الهيئة المختصة) مصر . دار الكتب المصرية
020 ## - الرقم الدولى المعيارى للكتب
الرقم الدولى المعيارى للكتاب 9789773582749
040 ## - مصدر الفهرسة
وكالة الفهرسة الأصلية EG-CaGPL
082 04 - رقم تصنيف ديوى العشرى
رقم الطبعة 21
رقم التصنيف 658.8\
رقم المادة م ك
100 1# - المدخل الرئيسى - إسم شخصى
الإسم الشخصى ميدلتون ، سيمون .
245 10 - بيان العنوان
العنوان كل ما تحتاج الى معرفته عن التسويق /
بيان المسئوليه,etc تاليف سيمون ميدلتون ؛ ترجمة عبدالحكم احمد الخزامى .
250 ## - بيان الطبعة
بيان الطبعة ط1.
260 ## - PUBLICATION, DISTRIBUTION, ETC. (IMPRINT)
تاريخ النشر أو التوزيع 2013 .
300 ## - الوصف المادى
التعداد 259 ص ؛
أبعاد الوعاء 24 سم .
650 04 - المدخل الاضافى بالموضوع-مصطلح موضوعى
مصطلح موضوعي التسويق .
650 04 - المدخل الاضافى بالموضوع-مصطلح موضوعى
مصطلح موضوعي العلامات التجارية .
700 0# - المدخل الاضافى - اسم شخصى
الإسم الشخصى عبدالحكم احمد الخزامى
الدور مترجم .
942 ## - عناصر المدخل الإضافي( كوها)
مصدر التصنيف او مخطط الترفيف Dewey Decimal Classification
Koha [default] item type كتاب
260 ## - PUBLICATION, DISTRIBUTION, ETC. (IMPRINT)
-- القاهرة :
-- دار الفجر للنشر و التوزيع ،
Holdings
حالة التراجع حالة الفقد حالة تلف ليس للاعارة المكان المؤقت الموقع الحالى تاريخ الاكتساب اجمالي اﻻعارات رقم الطلب الباركود تاريخ اخر مشاهدة تاريخ تفعيل السعر نوع وعاء كوها
        مكتبة القاهرة الكبرى مكتبة القاهرة الكبرى 03/08/2016   658.8\ م ك 161505 03/08/2016 03/08/2016 كتاب

Powered By

EGPV